[Event "NB2 Breyer csoport"]
[Site "Zsambek"]
[Date "2024.12.01"]
[Round "3.5"]
[White "Nadi, Ferenc"]
[Black "Emmer, Adam"]
[Result "1/2-1/2"]
[WhiteElo "2002"]
[BlackElo "1918"]
[PlyCount "158"]
[GameId "2119682121353371"]
[EventDate "2024.11.03"]
[EventType "team-tourn"]
[EventRounds "9"]
[EventCountry "HUN"]
[Source "chess.hu"]
[WhiteTeam "Fehervari SE"]
[BlackTeam "Zsambeki SBE"]
[WhiteTeamCountry "HUN"]
[BlackTeamCountry "HUN"]

1. d4 Nf6 2. Nf3 g6 3. c4 Bg7 4. Nc3 d6 5. e4 O-O 6. Be2 Nc6 7. d5 Nb8 8. O-O Nbd7 9. h3 Nc5 10. Qc2 a5 11. Be3 Nfd7 12. Bd4 e5 13. dxe6 Nxe6 14. Bxg7 Kxg7 15. Qd2 Nb6 16. Nd4 Bd7 17. Rad1 Qf6 18. f4 Nxd4 19. Qxd4 Qxd4+ 20. Rxd4 Bc6 21. Nd5 Bxd5 22. cxd5 Nd7 23. Rc1 Nc5 24. Bf3 b6 25. b3 Rfe8 26. Kf2 Re7 27. Rc2 Rae8 28. Re2 h6 29. g4 g5 30. e5 gxf4 31. exd6 cxd6 32. Rxe7 Rxe7 33. Be2 Re4 34. Rxe4 Nxe4+ 35. Kf3 Nc3 36. Bd3 Nxa2 37. Kxf4 Nc3 38. Ke3 b5 39. Kd4 b4 40. h4 Kf6 41. Bf1 Nd1 42. Be2 Nc3 43. Bd3 Ke7 44. g5 hxg5 45. hxg5 Kf8 46. Kc4 Ke7 47. Kd4 Kd7 48. Kc4 Kc7 49. Kd4 Nd1 50. g6 fxg6 51. Bxg6 Kb6 52. Be8 Nc3 53. Kc4 Nd1 54. Kd4 Nb2 55. Bd7 a4 56. bxa4 Ka5 57. Bc6 Nxa4 58. Kc4 Nb2+ 59. Kb3 Nd3 60. Be8 Nc5+ 61. Kc4 Na4 62. Kb3 Nb6 63. Bc6 Nc8 64. Kc4 Ne7 65. Kb3 Ng6 66. Be8 Ne5 67. Bc6 Ng4 68. Bd7 Nf2 69. Be8 Ne4 70. Bc6 Nc5+ 71. Kc4 b3 72. Kc3 b2 73. Kxb2 Kb4 74. Kc2 Kc4 75. Kd2 Kd4 76. Ba8 Nd7 77. Bc6 Nb6 78. Bb7 Nxd5 79. Bxd5 Kxd5 1/2-1/2

[Event "NB2 Breyer csoport"]
[Site "Zsambek"]
[Date "2024.12.01"]
[Round "3.6"]
[White "Nagy, Gyorgy"]
[Black "Grull, Denes"]
[Result "1-0"]
[WhiteElo "1926"]
[BlackElo "1925"]
[PlyCount "49"]
[GameId "2119682163099819"]
[EventDate "2024.11.03"]
[EventType "team-tourn"]
[EventRounds "9"]
[EventCountry "HUN"]
[Source "chess.hu"]
[WhiteTeam "Zsambeki SBE"]
[BlackTeam "Fehervari SE"]
[WhiteTeamCountry "HUN"]
[BlackTeamCountry "HUN"]

1. d4 Nf6 2. c4 e6 3. Nc3 d5 4. Bg5 Be7 5. e3 c6 6. Nf3 Nbd7 7. Bd3 O-O 8. O-O b6 9. cxd5 exd5 10. Rc1 Bb7 11. Qe2 a6 12. Rfe1 h6 13. Bf4 c5 14. e4 dxe4 15. Nxe4 Re8 16. Ne5 Nxe5 17. dxe5 Nxe4 18. Bxe4 Bxe4 19. Qxe4 Bf8 20. Rcd1 Qc8 21. Bc1 Qe6 22. b3 Rad8 23. f4 f5 24. Qe2 a5 25. Qb5 1-0

[Event "NB2 Breyer csoport"]
[Site "Zsambek"]
[Date "2024.12.01"]
[Round "3.7"]
[White "Kecskemeti, Attila"]
[Black "Tessedik, Karoly"]
[Result "1-0"]
[WhiteElo "1905"]
[BlackElo "1858"]
[PlyCount "115"]
[GameId "2119682203916475"]
[EventDate "2024.11.03"]
[EventType "team-tourn"]
[EventRounds "9"]
[EventCountry "HUN"]
[Source "chess.hu"]
[WhiteTeam "Fehervari SE"]
[BlackTeam "Zsambeki SBE"]
[WhiteTeamCountry "HUN"]
[BlackTeamCountry "HUN"]

1. e4 c5 2. Nf3 d6 3. Bb5+ Nd7 4. O-O a6 5. Bxd7+ Bxd7 6. c3 Bc6 7. Re1 e6 8. d4 d5 9. e5 h6 10. Nbd2 Rc8 11. Nf1 Be7 12. Ng3 h5 13. h4 Bxh4 14. Nxh4 Qxh4 15. dxc5 Nh6 16. Qxh5 Qxh5 17. Nxh5 Nf5 18. Ng3 Nxg3 19. fxg3 Bb5 20. Be3 Bd3 21. Kf2 Ke7 22. Rh1 Be4 23. Rh4 Rxh4 24. gxh4 f6 25. exf6+ Kxf6 26. g4 e5 27. Kg3 Rc7 28. Rf1+ Ke6 29. Rf8 Rf7 30. Rxf7 Kxf7 31. b4 Ke6 32. h5 Bb1 33. a3 Bd3 34. Kh4 Be4 35. g5 Bd3 36. Kg4 Bf5+ 37. Kh4 Bd3 38. Kg4 Bf5+ 39. Kg3 Bd3 40. g6 Kf6 41. Kg4 Bf5+ 42. Kh4 Bd3 43. Bg5+ Ke6 44. Bd8 Kf5 45. Be7 d4 46. cxd4 exd4 47. Bg5 Be4 48. Bd2 Bc2 49. Bc1 Bd3 50. Bd2 Bc4 51. Kg3 Be2 52. Kh4 Bd3 53. a4 Bc4 54. Kg3 Be2 55. Kf2 Bxh5 56. b5 axb5 57. c6 bxc6 58. a5 1-0

[Event "NB2 Breyer csoport"]
[Site "Zsambek"]
[Date "2024.12.01"]
[Round "3.8"]
[White "Metzger, Istvan"]
[Black "Fekete, Csaba"]
[Result "1/2-1/2"]
[WhiteElo "1826"]
[BlackElo "1776"]
[PlyCount "42"]
[GameId "2119682246027468"]
[EventDate "2024.11.03"]
[EventType "team-tourn"]
[EventRounds "9"]
[EventCountry "HUN"]
[Source "chess.hu"]
[WhiteTeam "Zsambeki SBE"]
[BlackTeam "Fehervari SE"]
[WhiteTeamCountry "HUN"]
[BlackTeamCountry "HUN"]

1. e4 e5 2. Nf3 Nc6 3. Nc3 Nf6 4. d4 exd4 5. Nxd4 Bb4 6. Nxc6 bxc6 7. Qd4 Qe7 8. f3 d5 9. Bg5 c5 10. Bb5+ Bd7 11. Bxd7+ Kxd7 12. Bxf6 cxd4 13. Bxe7 Kxe7 14. a3 Ba5 15. b4 dxc3 16. bxa5 d4 17. Ke2 Rab8 18. Kd3 c5 19. Kc4 Kd6 20. Rab1 Rhe8 21. Rhe1 f6 1/2-1/2

[Event "NB2 Breyer csoport"]
[Site "Zsambek"]
[Date "2024.12.01"]
[Round "3.9"]
[White "Hortobagyi, Luca"]
[Black "Horvath, Csaba"]
[Result "1-0"]
[WhiteElo "1708"]
[BlackElo "1778"]
[PlyCount "93"]
[GameId "2119682282612956"]
[EventDate "2024.11.03"]
[EventType "team-tourn"]
[EventRounds "9"]
[EventCountry "HUN"]
[Source "chess.hu"]
[WhiteTeam "Fehervari SE"]
[BlackTeam "Zsambeki SBE"]
[WhiteTeamCountry "HUN"]
[BlackTeamCountry "HUN"]

1. d4 Nf6 2. Nc3 d5 3. Bf4 c6 4. e3 Bf5 5. Nf3 e6 6. Ne5 Nbd7 7. Bd3 Bxd3 8. Nxd3 h5 9. h4 Be7 10. Bg3 Ng4 11. Nf4 Ndf6 12. Qe2 g6 13. Nd3 Ne4 14. Nxe4 dxe4 15. Ne5 Qa5+ 16. c3 Nxe5 17. Bxe5 f6 18. Bg3 Kf7 19. O-O Rhf8 20. f3 Qf5 21. c4 Rac8 22. fxe4 Qxe4 23. Rf4 Qxf4 24. Bxf4 Rfd8 25. Qf2 c5 26. b3 Kg7 27. Rf1 Kh7 28. Rd1 Rd7 29. d5 e5 30. Bg3 e4 31. Qc2 f5 32. Be1 Bf6 33. g3 Be5 34. Kg2 a6 35. Bc3 Bb8 36. a4 Ba7 37. Be5 Re8 38. Qb2 b5 39. axb5 axb5 40. Ra1 bxc4 41. bxc4 Ree7 42. Rb1 Kg8 43. Bb8 Kh7 44. Qa3 Bxb8 45. Rxb8 Ra7 46. Qxc5 Ra2+ 47. Kh3 1-0

[Event "NB2 Breyer csoport"]
[Site "Zsambek"]
[Date "2024.12.01"]
[Round "3.10"]
[White "Szendeff, Miklos"]
[Black "Henyecz, Tamas"]
[Result "1-0"]
[WhiteElo "1751"]
[BlackElo "1703"]
[PlyCount "67"]
[GameId "2119682322303212"]
[EventDate "2024.11.03"]
[EventType "team-tourn"]
[EventRounds "9"]
[EventCountry "HUN"]
[Source "chess.hu"]
[WhiteTeam "Zsambeki SBE"]
[BlackTeam "Fehervari SE"]
[WhiteTeamCountry "HUN"]
[BlackTeamCountry "HUN"]

1. e4 c5 2. Nf3 d6 3. Bb5+ Bd7 4. Bxd7+ Nxd7 5. O-O Ngf6 6. Nc3 a6 7. d4 cxd4 8. Qxd4 g6 9. Bg5 Bg7 10. Qd2 O-O 11. Rfe1 Qc7 12. h3 Rfe8 13. Rad1 Rac8 14. Bh6 Nf8 15. Bxg7 Kxg7 16. Re2 Ne6 17. Nd5 Nxd5 18. exd5 Nf8 19. Qd4+ Kg8 20. Rde1 e6 21. Ng5 e5 22. Qh4 Kg7 23. f4 Qc5+ 24. Kh1 Qxd5 25. Ne4 Re6 26. b3 h6 27. Rd2 Qc6 28. c4 f5 29. Nc3 Nd7 30. Red1 Nf6 31. Nd5 e4 32. Nxf6 Rxf6 33. Rxd6 Rxd6 34. Qe7+ 1-0

[Event "NB2 Breyer csoport"]
[Site "Zsambek"]
[Date "2024.12.01"]
[Round "3.11"]
[White "Palinkas, Ervin"]
[Black "Sebestyen, Boldizsar"]
[Result "0-1"]
[WhiteElo "1697"]
[BlackElo "1581"]
[PlyCount "51"]
[GameId "2119682361997564"]
[EventDate "2024.11.03"]
[EventType "team-tourn"]
[EventRounds "9"]
[EventCountry "HUN"]
[Source "chess.hu"]
[WhiteTeam "Fehervari SE"]
[BlackTeam "Zsambeki SBE"]
[WhiteTeamCountry "HUN"]
[BlackTeamCountry "HUN"]

1. d4 d5 2. Bf4 Nf6 3. e3 Bf5 4. Nf3 Nc6 5. c3 e6 6. Nbd2 Nh5 7. Bg5 f6 8. Bh4 g5 9. Nxg5 fxg5 10. Qxh5+ Bg6 11. Qxg5 Be7 12. Qg4 Bxh4 13. Qxe6+ Be7 14. Bb5 Qd6 15. Qg4 Rg8 16. Qe2 O-O-O 17. O-O-O a6 18. Ba4 b5 19. Bb3 Na5 20. f3 Nxb3+ 21. Nxb3 Qb6 22. h4 h5 23. Nd2 Qa5 24. a3 Bxa3 25. e4 Qxc3+ 26. Kb1 0-1

[Event "NB2 Breyer csoport"]
[Site "Zsambek"]
[Date "2024.12.01"]
[Round "3.12"]
[White "Balogh, Fulop"]
[Black "Panczel, Attila"]
[Result "0-1"]
[WhiteElo "1460"]
[BlackElo "1630"]
[PlyCount "66"]
[GameId "2119682394724620"]
[EventDate "2024.11.03"]
[EventType "team-tourn"]
[EventRounds "9"]
[EventCountry "HUN"]
[Source "chess.hu"]
[WhiteTeam "Zsambeki SBE"]
[BlackTeam "Fehervari SE"]
[WhiteTeamCountry "HUN"]
[BlackTeamCountry "HUN"]

1. d4 Nf6 2. c4 e6 3. Nc3 Bb4 4. Nf3 b6 5. Bf4 Bb7 6. a3 Bxc3+ 7. bxc3 O-O 8. Bg5 h6 9. Bxf6 Qxf6 10. e3 d6 11. Be2 Nd7 12. O-O e5 13. Nd2 Qg6 14. Bf3 e4 15. Be2 f5 16. a4 f4 17. Qc2 Rf6 18. exf4 Rxf4 19. Bf3 Re8 20. g3 Qg5 21. Bg2 e3 22. Bxb7 Rxf2 23. Rxf2 exf2+ 24. Kxf2 Qe3+ 25. Kg2 Qe2+ 26. Kg1 Rf8 27. Qd1 Qe3+ 28. Kh1 Rf2 29. Nf3 Nf6 30. Ng1 Ne4 31. Qe1 Qxg3 32. Bd5+ Kh8 33. hxg3 Nxg3# 0-1

[Event "NB2 Breyer csoport"]
[Site "Nyergesujfalu"]
[Date "2024.12.01"]
[Round "3.1"]
[White "Szamoskozi, Gabor"]
[Black "Berek, Geza"]
[Result "1-0"]
[WhiteElo "2225"]
[BlackElo "2127"]
[PlyCount "69"]
[GameId "2119496219410319"]
[EventDate "2024.11.03"]
[EventType "team-tourn"]
[EventRounds "9"]
[EventCountry "HUN"]
[Source "chess.hu"]
[WhiteTeam "Barcza - BEAC I."]
[BlackTeam "NYVSE"]
[WhiteTeamCountry "HUN"]
[BlackTeamCountry "HUN"]

1. e4 g6 2. d4 Bg7 3. Nc3 d6 4. Be3 a6 5. h4 h5 6. Nh3 b5 7. Qd2 Bb7 8. Ng5 Nd7 9. O-O-O Rc8 10. f4 Nh6 11. e5 Nb6 12. e6 f5 13. Be2 O-O 14. Bf3 c6 15. Qd3 Qc7 16. Kb1 b4 17. Ne2 c5 18. dxc5 dxc5 19. c4 bxc3 20. Nxc3 Ng4 21. Bxg4 hxg4 22. Qc2 Nc4 23. Bc1 Rb8 24. Ka1 Qa5 25. Rd3 Bc6 26. h5 gxh5 27. Rxh5 Be8 28. Rh1 Bg6 29. Nd5 Bxb2+ 30. Bxb2 Nxb2 31. Nxe7+ Kg7 32. Rd7 Rfd8 33. Nc6+ Rxd7 34. Nxa5 Rc7 35. Qc3+ 1-0

[Event "NB2 Breyer csoport"]
[Site "Nyergesujfalu"]
[Date "2024.12.01"]
[Round "3.2"]
[White "Bereczki, Janos"]
[Black "Horvath, Andras"]
[Result "1/2-1/2"]
[WhiteElo "2062"]
[BlackElo "2237"]
[PlyCount "40"]
[GameId "2119496262176671"]
[EventDate "2024.11.03"]
[EventType "team-tourn"]
[EventRounds "9"]
[EventCountry "HUN"]
[Source "chess.hu"]
[WhiteTeam "NYVSE"]
[BlackTeam "Barcza - BEAC I."]
[WhiteTeamCountry "HUN"]
[BlackTeamCountry "HUN"]

1. d4 Nf6 2. c4 e6 3. Nf3 b6 4. g3 Ba6 5. Qc2 Bb7 6. Bg2 c5 7. O-O cxd4 8. Nxd4 Bxg2 9. Kxg2 Qc8 10. Bg5 Be7 11. Nd2 Nc6 12. Nb5 O-O 13. Ne4 a6 14. Nbd6 Qc7 15. Rfd1 Nxe4 16. Bxe7 Nxe7 17. Qxe4 Rab8 18. Rac1 Ng6 19. Kg1 f5 20. Qd4 Qc6 1/2-1/2

[Event "NB2 Breyer csoport"]
[Site "Nyergesujfalu"]
[Date "2024.12.01"]
[Round "3.3"]
[White "Szekely, Ferenc"]
[Black "Draga, Balazs"]
[Result "1-0"]
[WhiteElo "2213"]
[BlackElo "1976"]
[PlyCount "37"]
[GameId "2119496303861679"]
[EventDate "2024.11.03"]
[EventType "team-tourn"]
[EventRounds "9"]
[EventCountry "HUN"]
[Source "chess.hu"]
[WhiteTeam "Barcza - BEAC I."]
[BlackTeam "NYVSE"]
[WhiteTeamCountry "HUN"]
[BlackTeamCountry "HUN"]

1. e4 e5 2. Nf3 Nc6 3. Bb5 f5 4. d4 fxe4 5. Nxe5 Nxe5 6. dxe5 c6 7. Nc3 cxb5 8. Nxe4 d5 9. exd6 Qa5+ 10. Bd2 b4 11. O-O Bf5 12. Qh5+ g6 13. Qh4 h6 14. Rfe1 Kd7 15. Bxb4 Qd8 16. Nc5+ Kc6 17. Qc4 b5 18. Qc3 Qf6 19. Qf3+ 1-0

[Event "NB2 Breyer csoport"]
[Site "Nyergesujfalu"]
[Date "2024.12.01"]
[Round "3.4"]
[White "Ikanov, Imre"]
[Black "Grimm, Gyorgy"]
[Result "1/2-1/2"]
[WhiteElo "1960"]
[BlackElo "2142"]
[PlyCount "113"]
[GameId "2119496351264703"]
[EventDate "2024.11.03"]
[EventType "team-tourn"]
[EventRounds "9"]
[EventCountry "HUN"]
[Source "chess.hu"]
[WhiteTeam "NYVSE"]
[BlackTeam "Barcza - BEAC I."]
[WhiteTeamCountry "HUN"]
[BlackTeamCountry "HUN"]

1. e4 d5 2. exd5 Qxd5 3. Nc3 Qa5 4. d4 Nf6 5. Bd3 Bg4 6. Nge2 e6 7. O-O c6 8. Ne4 Nbd7 9. c3 Nxe4 10. Bxe4 Bd6 11. f3 Bh5 12. Bf4 Qc7 13. Bxd6 Qxd6 14. Qc2 Bg6 15. b4 O-O 16. Ng3 Nf6 17. Rae1 a5 18. a3 axb4 19. axb4 Rfe8 20. Qb2 e5 21. Bxg6 hxg6 22. Ne4 Nxe4 23. Rxe4 exd4 24. Rxd4 Qe6 25. Qf2 Ra2 26. Rd2 Rxd2 27. Qxd2 Qe3+ 28. Qxe3 Rxe3 29. Rc1 Re2 30. h4 Kf8 31. Kh2 b5 32. Kh3 Ke7 33. g4 Ke6 34. Kg3 Kd5 35. f4 Kc4 36. f5 gxf5 37. gxf5 g6 38. Kg4 Rg2+ 39. Kf3 Rh2 40. fxg6 fxg6 41. Kg4 Kb3 42. Re1 Kxc3 43. Re6 Kxb4 44. Rxc6 Rg2+ 45. Kh3 Rg1 46. Kh2 Rd1 47. Rxg6 Ka4 48. Ra6+ Kb3 49. h5 b4 50. Kg3 Kb2 51. Kg4 b3 52. h6 Rd7 53. Rb6 Kc2 54. Kg5 b2 55. Rc6+ Kd1 56. Rb6 Kc1 57. Rc6+ 1/2-1/2

[Event "NB2 Breyer csoport"]
[Site "Nyergesujfalu"]
[Date "2024.12.01"]
[Round "3.5"]
[White "Fordan, Tibor"]
[Black "Balazs, Andras"]
[Result "1-0"]
[WhiteElo "2113"]
[BlackElo "1923"]
[PlyCount "113"]
[GameId "2119496408932303"]
[EventDate "2024.11.03"]
[EventType "team-tourn"]
[EventRounds "9"]
[EventCountry "HUN"]
[Source "chess.hu"]
[WhiteTeam "Barcza - BEAC I."]
[BlackTeam "NYVSE"]
[WhiteTeamCountry "HUN"]
[BlackTeamCountry "HUN"]

1. d4 d5 2. c4 e6 3. Nc3 a6 4. cxd5 exd5 5. Nf3 Nf6 6. Bg5 Be7 7. e3 b6 8. Bd3 Bb7 9. Qc2 Nbd7 10. O-O Rc8 11. Bf5 g6 12. Bh3 O-O 13. Ne5 Ra8 14. f4 Re8 15. Rae1 Kg7 16. f5 Nf8 17. fxg6 Nxg6 18. Qf2 Qd6 19. Bh6+ Kg8 20. Nd7 Bc8 21. Nxf6+ Bxf6 22. Qxf6 Qxf6 23. Rxf6 Bxh3 24. gxh3 Rad8 25. Ref1 Nh8 26. R1f5 Re6 27. Bg5 Rdd6 28. Rxe6 fxe6 29. Rf3 Nf7 30. h4 h6 31. Bf6 Kf8 32. Be5 Rd7 33. Ne2 c5 34. Rf6 Ke7 35. Nf4 Nxe5 36. Rxe6+ Kf7 37. Rxe5 cxd4 38. exd4 Rc7 39. Rf5+ Kg8 40. Nxd5 Rc2 41. Rf2 Rc1+ 42. Kg2 Rd1 43. Ne7+ Kg7 44. d5 h5 45. Nf5+ Kg6 46. d6 b5 47. Ne7+ Kh7 48. Nc8 Rd4 49. Rf7+ Kg6 50. Re7 Kf6 51. Kf3 a5 52. Ke3 Rd1 53. Re4 Rd5 54. Rd4 Re5+ 55. Kd3 Re1 56. d7 Rd1+ 57. Ke3 1-0

[Event "NB2 Breyer csoport"]
[Site "Nyergesujfalu"]
[Date "2024.12.01"]
[Round "3.6"]
[White "Balonyi, Roland"]
[Black "Medve, Mark"]
[Result "0-1"]
[WhiteElo "1863"]
[BlackElo "2171"]
[PlyCount "65"]
[GameId "2119496444190687"]
[EventDate "2024.11.03"]
[EventType "team-tourn"]
[EventRounds "9"]
[EventCountry "HUN"]
[Source "chess.hu"]
[WhiteTeam "NYVSE"]
[BlackTeam "Barcza - BEAC I."]
[WhiteTeamCountry "HUN"]
[BlackTeamCountry "HUN"]

1. d4 Nf6 2. Nc3 d5 3. Bf4 e6 4. e3 c5 5. dxc5 Bxc5 6. Bd3 O-O 7. Nf3 Nc6 8. O-O Re8 9. e4 d4 10. Ne2 e5 11. Bg5 h6 12. Bh4 Bg4 13. Nd2 Qe7 14. f3 Bd7 15. f4 exf4 16. Bxf6 Qxf6 17. Nxf4 Bd6 18. Nd5 Qh4 19. Nf3 Qh5 20. Qd2 Rad8 21. Nf4 Qc5 22. Nd5 Be6 23. b4 Nxb4 24. Nxb4 Qxb4 25. Qxb4 Bxb4 26. Rab1 a5 27. a3 Bxa3 28. Rxb7 Re7 29. Rb5 Bb4 30. Ne5 Rc7 31. Rb1 g6 32. Rb6 Kg7 33. Nc6 0-1

[Event "NB2 Breyer csoport"]
[Site "Nyergesujfalu"]
[Date "2024.12.01"]
[Round "3.7"]
[White "Szekacs, Mark"]
[Black "Gal, Lajos"]
[Result "1-0"]
[WhiteElo "2022"]
[BlackElo "1821"]
[PlyCount "83"]
[GameId "2119496490299375"]
[EventDate "2024.11.03"]
[EventType "team-tourn"]
[EventRounds "9"]
[EventCountry "HUN"]
[Source "chess.hu"]
[WhiteTeam "Barcza - BEAC I."]
[BlackTeam "NYVSE"]
[WhiteTeamCountry "HUN"]
[BlackTeamCountry "HUN"]

1. e4 d5 2. exd5 Nf6 3. Nf3 Nxd5 4. d4 e6 5. c4 Nf6 6. Nc3 Bb4 7. Be2 c5 8. O-O Nc6 9. dxc5 Bxc5 10. Qc2 a6 11. a3 Qe7 12. Bg5 h6 13. Bh4 g5 14. Bg3 Nh5 15. Ne4 Nxg3 16. hxg3 f5 17. Nxc5 Qxc5 18. b4 Qa7 19. Qc3 O-O 20. Rad1 b6 21. Rd6 Qc7 22. Rfd1 Ne7 23. Qe5 Nc6 24. Qe3 Rb8 25. Ne5 Ne7 26. Qd4 Nd5 27. c5 bxc5 28. bxc5 Rd8 29. Rxd8+ Qxd8 30. Nc6 Qc7 31. Nxb8 Qxb8 32. c6 Qd6 33. Rc1 Qxa3 34. Qa1 Qxa1 35. Rxa1 Nb4 36. c7 Nd5 37. Rb1 Kf7 38. Rb8 Ke7 39. Rxc8 Kd7 40. Ra8 Nxc7 41. Ra7 Kc6 42. Bxa6 1-0

[Event "NB2 Breyer csoport"]
[Site "Nyergesujfalu"]
[Date "2024.12.01"]
[Round "3.8"]
[White "Meszaros, Vilmos"]
[Black "Palczert, Botond"]
[Result "1/2-1/2"]
[WhiteElo "1810"]
[BlackElo "1962"]
[PlyCount "80"]
[GameId "2119496527691775"]
[EventDate "2024.11.03"]
[EventType "team-tourn"]
[EventRounds "9"]
[EventCountry "HUN"]
[Source "chess.hu"]
[WhiteTeam "NYVSE"]
[BlackTeam "Barcza - BEAC I."]
[WhiteTeamCountry "HUN"]
[BlackTeamCountry "HUN"]

1. e4 c5 2. Nf3 d6 3. Bc4 Nf6 4. d3 e6 5. Bg5 Be7 6. Bxf6 Bxf6 7. Nc3 O-O 8. O-O Nc6 9. Re1 Bxc3 10. bxc3 d5 11. Bb3 dxe4 12. Rxe4 b6 13. Ne5 Bb7 14. Qh5 Nxe5 15. Rxe5 Qf6 16. Rae1 Qg6 17. Qh3 Rad8 18. f4 Kh8 19. g4 Bc6 20. R1e3 Bd5 21. Bxd5 Rxd5 22. Rxd5 exd5 23. Re5 d4 24. cxd4 cxd4 25. Qf3 a5 26. h3 Qd6 27. Qd5 Qb4 28. Re2 h6 29. Kf2 Kg8 30. g5 hxg5 31. fxg5 g6 32. h4 Rc8 33. Qd7 Qc5 34. Re8+ Rxe8 35. Qxe8+ Kg7 36. Qe2 Qc7 37. Kf3 Kh7 38. Kg4 Qd7+ 39. Kg3 Qd6+ 40. Kg4 Qd7+ 1/2-1/2

[Event "NB2 Breyer csoport"]
[Site "Nyergesujfalu"]
[Date "2024.12.01"]
[Round "3.9"]
[White "Kelemen, Szabolcs"]
[Black "Forgacs, Arpad"]
[Result "1-0"]
[WhiteElo "1987"]
[BlackElo "1715"]
[PlyCount "99"]
[GameId "2119496677761097"]
[EventDate "2024.11.03"]
[EventType "team-tourn"]
[EventRounds "9"]
[EventCountry "HUN"]
[Source "chess.hu"]
[WhiteTeam "Barcza - BEAC I."]
[BlackTeam "NYVSE"]
[WhiteTeamCountry "HUN"]
[BlackTeamCountry "HUN"]

1. e4 c5 2. Nf3 Nc6 3. d4 cxd4 4. Nxd4 e5 5. Nb5 a6 6. Nd6+ Bxd6 7. Qxd6 Qf6 8. Qxf6 Nxf6 9. Nc3 d5 10. exd5 Nb4 11. Bd3 Nxd3+ 12. cxd3 Bf5 13. Ke2 h6 14. Rd1 Rd8 15. d4 e4 16. h3 O-O 17. Be3 Nxd5 18. Nxd5 Rxd5 19. Rac1 Rc8 20. Rxc8+ Bxc8 21. Rc1 Bd7 22. Kd2 Bc6 23. b3 g5 24. h4 Kg7 25. hxg5 hxg5 26. Kc3 Kg6 27. Rh1 f5 28. g3 Rd8 29. Kc4 b6 30. Kb4 a5+ 31. Kc4 Be8 32. d5 Bf7 33. Rd1 Rd6 34. Bc1 Be8 35. Ba3 Rd7 36. d6 f4 37. gxf4 gxf4 38. Kd4 Kf5 39. Re1 b5 40. Rxe4 Rd8 41. Bc5 Bc6 42. Re5+ Kg4 43. Re7 Kg5 44. Rc7 Bd7 45. Bb6 Rb8 46. Rxd7 Rxb6 47. Ke5 Kg6 48. Re7 b4 49. d7 Rb5+ 50. Ke4 1-0

[Event "NB2 Breyer csoport"]
[Site "Nyergesujfalu"]
[Date "2024.12.01"]
[Round "3.10"]
[White "Schreck, Daniel"]
[Black "Bod, Marton"]
[Result "0-1"]
[WhiteElo "1630"]
[BlackElo "2030"]
[PlyCount "84"]
[GameId "2119496639328313"]
[EventDate "2024.11.03"]
[EventType "team-tourn"]
[EventRounds "9"]
[EventCountry "HUN"]
[Source "chess.hu"]
[WhiteTeam "NYVSE"]
[BlackTeam "Barcza - BEAC I."]
[WhiteTeamCountry "HUN"]
[BlackTeamCountry "HUN"]

1. e4 c5 2. c4 Nc6 3. Nc3 g6 4. g3 Bg7 5. Bg2 e6 6. Nge2 Nge7 7. O-O O-O 8. d3 d6 9. Rb1 f5 10. a3 Nd4 11. Nxd4 cxd4 12. Ne2 Qc7 13. Qc2 fxe4 14. dxe4 e5 15. f4 b5 16. b3 Ba6 17. Bh3 Kh8 18. Rf2 Rab8 19. c5 Qxc5 20. Qxc5 dxc5 21. fxe5 Bxe5 22. Bg5 Rxf2 23. Kxf2 Rf8+ 24. Ke1 Nc6 25. Be6 d3 26. Nf4 Nd4 27. Bh6 Re8 28. Bd5 c4 29. bxc4 bxc4 30. Rc1 d2+ 31. Kxd2 Nb3+ 32. Kd1 Nxc1 33. Kxc1 c3 34. Bg5 Bc8 35. Nd3 Bg7 36. Kc2 Be6 37. Nc5 Bxd5 38. exd5 Re2+ 39. Kd1 Re5 40. d6 Rxc5 41. Be7 c2+ 42. Kc1 Bh6+ 0-1

[Event "NB2 Breyer csoport"]
[Site "Nyergesujfalu"]
[Date "2024.12.01"]
[Round "3.11"]
[White "Merenyi, Tamas"]
[Black "Klinga, Matyas"]
[Result "1-0"]
[WhiteElo "1919"]
[BlackElo "1550"]
[PlyCount "51"]
[GameId "2119496600436777"]
[EventDate "2024.11.03"]
[EventType "team-tourn"]
[EventRounds "9"]
[EventCountry "HUN"]
[Source "chess.hu"]
[WhiteTeam "Barcza - BEAC I."]
[BlackTeam "NYVSE"]
[WhiteTeamCountry "HUN"]
[BlackTeamCountry "HUN"]

1. e4 e5 2. Nc3 Nc6 3. Bc4 Nf6 4. d3 h6 5. Be3 Bb4 6. Nge2 Ng4 7. O-O O-O 8. Nd5 Nxe3 9. fxe3 d6 10. c3 Bc5 11. d4 Bb6 12. Ng3 Ne7 13. Qh5 Nxd5 14. Bxd5 Qe7 15. Nf5 Bxf5 16. Rxf5 c6 17. Bb3 exd4 18. exd4 d5 19. Re5 Qd6 20. Kh1 f6 21. Rf5 Kh7 22. e5 fxe5 23. Rxe5 g6 24. Bc2 Qf6 25. Qe2 Rf7 26. Re6 1-0

[Event "NB2 Breyer csoport"]
[Site "Budapest"]
[Date "2024.12.01"]
[Round "3.1"]
[White "Jakab, Bela"]
[Black "Orgovan, Sandor"]
[Result "1-0"]
[WhiteElo "2357"]
[BlackElo "2135"]
[PlyCount "55"]
[GameId "2119680943629569"]
[EventDate "2024.11.03"]
[EventType "team-tourn"]
[EventRounds "9"]
[EventCountry "HUN"]
[Source "chess.hu"]
[WhiteTeam "MTK Budapest II."]
[BlackTeam "Varosgazda Akademia"]
[WhiteTeamCountry "HUN"]
[BlackTeamCountry "HUN"]

1. e4 c5 2. c3 d6 3. d4 Nf6 4. Bd3 g6 5. Nf3 Bg7 6. O-O O-O 7. h3 Nc6 8. d5 Ne5 9. Nxe5 dxe5 10. c4 Nh5 11. Nc3 Nf4 12. Ne2 g5 13. a3 a5 14. Rb1 Qd6 15. Be3 b6 16. Ng3 e6 17. Be2 exd5 18. cxd5 Nxe2+ 19. Qxe2 Ba6 20. Qg4 Bc8 21. Qxg5 Qg6 22. Nf5 Bf6 23. Qg4 Ba6 24. Rfd1 Qxg4 25. hxg4 Be2 26. Rd2 Bb5 27. Bh6 Rfd8 28. g5 1-0

[Event "NB2 Breyer csoport"]
[Site "Budapest"]
[Date "2024.12.01"]
[Round "3.2"]
[White "Botos, Ferenc"]
[Black "Kovacsy, Barnabas"]
[Result "0-1"]
[WhiteElo "2171"]
[BlackElo "2262"]
[PlyCount "108"]
[GameId "2119680983565585"]
[EventDate "2024.11.03"]
[EventType "team-tourn"]
[EventRounds "9"]
[EventCountry "HUN"]
[Source "chess.hu"]
[WhiteTeam "Varosgazda Akademia"]
[BlackTeam "MTK Budapest II."]
[WhiteTeamCountry "HUN"]
[BlackTeamCountry "HUN"]

1. d4 Nf6 2. c4 g6 3. Nf3 Bg7 4. Nc3 d5 5. cxd5 Nxd5 6. Qb3 Nb6 7. Bf4 Be6 8. Qc2 c5 9. dxc5 Nc4 10. e4 Qa5 11. Bxc4 Bxc4 12. Ne5 Bxe5 13. Bxe5 O-O 14. Bxb8 Raxb8 15. O-O-O Qxc5 16. Kb1 Rbc8 17. Rd7 b5 18. Qd2 Rc7 19. Rxc7 Qxc7 20. Rd1 Qxh2 21. b3 Be6 22. Nxb5 Qxg2 23. Qd4 Qf3 24. Rd3 Qf4 25. Nxa7 h5 26. Nc6 Qc7 27. Qc5 Kh7 28. b4 Qf4 29. f3 Qh2 30. Qxe7 Qxa2+ 31. Kc1 Qa1+ 32. Kd2 Qb2+ 33. Ke3 Qc1+ 34. Rd2 Rc8 35. b5 Qe1+ 36. Re2 Qg1+ 37. Kf4 Kh6 38. Qf6 Qc1+ 39. Kg3 Qg1+ 40. Rg2 Qc5 41. Ne5 Qxb5 42. Kh4 Qe8 43. Rg5 Kh7 44. Nd3 Qd8 45. Qxd8 Rxd8 46. Nf2 Rd2 47. Rg2 f6 48. f4 Bf7 49. Rh2 Ra2 50. Rg2 Kh6 51. Rh2 Ra3 52. Rg2 Rf3 53. Nh3 Be6 54. Rg3 g5+ 0-1